000 00995nam a22003137a 4500
003 CHAP
005 20220329135852.0
008 971013s1954 r 00010 d
010 _a43566
011 _a44538
035 _a48676
040 _cCHAP
090 _aTesis
100 0 0 _aFuentes Lugo, Gustavo.
_943867
245 _aAlgunos problemas forestales del estado de Veracruz; posibles soluciones
260 _aJalapa, Ver. :
_bEl autor,
_c1954
300 _a67 p.
_b: ilu.
502 _aTesis (Ing. Agr. Esp. en Bosques) -- ENA
590 _aALEPH
_b10
_c20130110
_lUCH01
_h1312
590 _aBATCH-UPD
_b10
_c20130110
_lUCH01
_h2046
590 _aBATCH-UPD
_b10
_c20130410
_lUCH01
_h1400
590 _aBATCH-UPD
_b10
_c20130914
_lUCH01
_h0713
590 _aCONVERSION
_b10
_c20130109
_lUCH01
_h1324
650 1 4 _aBosques
_xAdministración
_xVeracruz.
_914031
901 _aBK
942 _cFOLL
949 _bBC
_cTES
_d-110095
_eTS1
_i48676
_si
949 _bBC
_cTES
_d-110096
_eTS2
_fc.2
_i48676
_si
999 _c43566
_d43566